000 02357cam a2200565 i 4500
001 xx004696268
003 NUKAT
005 20260408124739.0
008 190910s2019 pl a |000 0bpol c
020 _a9788380985155
_q(oprawa twarda) :
_czł 59,00
035 _a(OCoLC)1121445342
035 _a(NUKAT)xx004696268
040 _aKAT U/JP
_bpol
_erda
_cKAT U/JPs
_dKAT U/AW
_dWR O/KP
_dOLSZT 008/bak
041 0 _apol
_bita
_beng
_bukr
045 2 _bd1918
_bd2012
046 _k2019
100 1 _aKrzysztofiński, Mariusz
_d(1973- ).
_eAutor
_939647
245 1 0 _aArcybiskup Ignacy Tokarczuk :
_b(1918-2012) : metropolita przemyski obrządku łacińskiego /
_cMariusz Krzysztofiński ; Instytut Pamięci Narodowej - Komisja Ścigania Zbrodni przeciwko Narodowi Polskiemu.
260 _aRzeszów ;
_aWarszawa :
_bInstytut Pamięci Narodowej - Komisja Ścigania Zbrodni przeciwko Narodowi Polskiemu,
_c2019.
300 _a517, [3] strony :
_bilustracje ;
_c30 cm.
336 _aTekst
_btxt
_2rdacontent
337 _aBez urządzenia pośredniczącego
_bn
_2rdamedia
338 _aWolumin
_bnc
_2rdacarrier
380 _aAlbumy i książki artystyczne
380 _aKsiążki
380 _aPublikacje naukowe
388 1 _a2001-
500 _aNa dole strony tytułowej: Konferencja Episkopatu Polski.
504 _aBibliografia na stronach 509-512.
546 _aStreszczenie włoskie, angielskie i ukraińskie.
600 1 7 _aTokarczuk, Ignacy
_d(1918-2012)
_2DBN
_939648
600 1 7 _aTokarczuk, Ignacy
_d(1918-2012)
_vwydawnictwa ilustrowane.
_2kaba
_939649
610 2 7 _aDiecezja Przemyska
_2DBN
_937825
648 7 _a1901-2000
_2DBN
_934996
648 7 _a2001-
_2DBN
_936393
650 7 _aAntykomunizm
_2DBN
_939401
650 7 _aBiskupi
_2DBN
_935374
650 7 _aDuchowieństwo katolickie
_2DBN
_935375
650 7 _aFotografia dokumentalna
_2DBN
_939457
650 7 _aFotografia polska
_2DBN
_935386
650 7 _aKościół a państwo
_2DBN
_935883
651 7 _aPolska
_2DBN
_935076
655 7 _aAlbum
_2DBN
_935390
655 7 _aBiografia
_2DBN
_935059
658 _aHistoria
658 _aReligia i duchowość
710 2 _aInstytut Pamięci Narodowej - Komisja Ścigania Zbrodni przeciwko Narodowi Polskiemu.
_eInstytucja sprawcza
_eWydawca
_4pbl
_911792
920 _a978-83-8098-515-5 (oprawa twarda) : zł 59,00
942 _2ddc
_cBK_NM
999 _c27473
_d27473